[Event "Challenge"]
[Site "http://www.queenalice.com/game.php?id=1392334"]
[Date "2015.11.3"]
[Round "-"]
[White "masam2014"]
[Black "animis"]
[Result "0-1"]
[WhiteElo "1512"]
[BlackElo "2261"]

1. d4 d5 2. c4 Nf6 3. Nf3 e6 4. e3 c5 5. Be2 Nc6 6. O-O Bd6 7. Nc3 O-O 8. b3 a6
9. Bb2 Qc7 10. g3 Rd8 11. cxd5 exd5 12. Ba3 cxd4 13. Nxd4 Bxa3 14. Nxc6 Qxc6 15.
Qc2 Be6 16. Bf3 Rac8 0-1

[Event "Challenge"]
[Site "http://www.queenalice.com/game.php?id=1392335"]
[Date "2015.11.3"]
[Round "-"]
[White "animis"]
[Black "masam2014"]
[Result "1-0"]
[WhiteElo "2262"]
[BlackElo "1510"]

1. e4 c5 2. Nf3 Nc6 3. d4 cxd4 4. Nxd4 d6 5. Nc3 Bd7 6. Bc4 Nf6 7. O-O g6 8. h3
Bg7 9. Be3 O-O 10. Qd2 Qc7 11. Rad1 Nxd4 12. Qxd4 e5 13. Qd3 Rfc8 14. Bb3 Bc6
15. Rfe1 Rd8 16. Bg5 Bd7 17. Bxf6 Bxf6 18. Nd5 1-0

[Event "OS INCLIVES"]
[Site "http://www.queenalice.com/game.php?id=1393820"]
[Date "2015.11.12"]
[Round "-"]
[White "adelio"]
[Black "animis"]
[Result "0-1"]
[WhiteElo "1706"]
[BlackElo "2232"]

1. d4 d5 2. e4 dxe4 3. Nc3 Nf6 4. f3 exf3 5. Nxf3 e6 6. Ng5 Be7 7. Nxf7 Kxf7 8.
Be2 Nc6 9. Be3 Rf8 10. O-O Kg8 11. a3 a6 12. Bg5 Qxd4+ 13. Qxd4 Nxd4 14. Bxf6
Bxf6 15. Bd3 Bd7 16. Rae1 Rae8 17. Re3 Nc6 18. Rff3 Bd4 19. Bxh7+ Kxh7 20. Rh3+
Kg8 21. Ne4 Ne5 22. Nf2 Bxe3 23. Rxe3 Rxf2 24. Rxe5 Rxc2 25. b4 Rf8 26. h3 Rff2
27. Rg5 Bc6 28. Kh2 Bxg2 29. Rxg2 Rxg2+ 30. Kh1 Rge2 31. h4 Re1# 0-1

[Event "OS INCLIVES"]
[Site "http://www.queenalice.com/game.php?id=1394359"]
[Date "2015.11.15"]
[Round "-"]
[White "adelio"]
[Black "animis"]
[Result "0-1"]
[WhiteElo "1753"]
[BlackElo "2233"]

1. b4 b5 2. d4 e6 3. a3 Bb7 4. Nc3 Nf6 5. Bg5 Be7 6. Bxf6 Bxf6 7. Nxb5 d5 8. e3
O-O 9. Be2 Nd7 10. Nf3 Re8 11. h4 a6 12. Nc3 c5 13. Ng5 cxd4 14. Bd3 h6 15. Nxf7
Kxf7 16. Qh5+ Ke7 17. Ne2 dxe3 18. O-O exf2+ 19. Rxf2 Bxa1 20. c3 Kd6 21. Qg4
Nf6 22. Qg3+ Kc6 23. Nd4+ Kb6 24. Rc2 Qc7 25. Qh3 Bc8 26. Nb3 e5 27. Qe3+ d4 28.
Qc1 Bxc3 29. Na5 Be6 30. Qf1 e4 31. Rxc3 Qxc3 32. Bc4 Bxc4 33. Nxc4+ Kc6 34.
Na5+ Kd5 35. Qf5+ Re5 36. Qg6 Qe1+ 37. Kh2 Qxh4+ 38. Kg1 Qe1+ 39. Kh2 Rh5+ 40.
Qxh5+ Nxh5 41. Nb3 Qg3+ 42. Kg1 Nf4 43. Kf1 Qxg2+ 44. Ke1 Qe2# 0-1

[Event "OS INCLIVES"]
[Site "http://www.queenalice.com/game.php?id=1397051"]
[Date "2015.12.2"]
[Round "-"]
[White "adelio"]
[Black "animis"]
[Result "0-1"]
[WhiteElo "1752"]
[BlackElo "2234"]

1. f4 d5 2. d4 Nf6 3. Nd2 Ng4 4. Ndf3 c5 5. h3 Nf6 6. e3 Nc6 7. Ng5 cxd4 8. Nxf7
Kxf7 9. Be2 dxe3 10. Bxe3 d4 11. Bf2 e6 12. Nf3 Bc5 13. Ng5+ Ke7 14. O-O h6 15.
Nxe6 Kxe6 16. Kh1 Re8 17. Re1 Kf7 18. Qd3 Kg8 19. Qc4+ Qd5 20. Bd3 Be6 21. b3
Qxc4 22. Bxc4 Bxc4 23. Rxe8+ Rxe8 24. bxc4 Re2 25. Bh4 Nh5 26. Rf1 Rxc2 27. f5
d3 28. f6 g5 29. g4 Nf4 30. f7+ Kxf7 31. Bg3 Bd6 32. h4 Nd4 33. hxg5 hxg5 34. a3
d2 35. Bxf4 Bxf4 36. Rxf4+ gxf4 37. g5 d1=R# 0-1

[Event "AUTO-ELITE-2305"]
[Site "http://www.queenalice.com/game.php?id=1641296"]
[Date "2021.1.24"]
[Round "1"]
[White "animis"]
[Black "Donidon"]
[Result "0-1"]
[WhiteElo "2238"]
[BlackElo "2393"]

1. d4 Nf6 2. Nf3 d5 3. c4 c6 4. Nc3 g6 5. e3 Bg7 6. Be2 O-O 7. O-O Nbd7 8. b3
dxc4 9. Bxc4 Nb6 10. Be2 Re8 11. e4 Bg4 12. Be3 Bxf3 13. Bxf3 e5 14. dxe5 Nfd7
15. Rc1 Nxe5 16. Be2 Ned7 17. Bd3 Ne5 18. Be2 Ned7 19. Bf3 Qf6 20. Ne2 Rad8 21.
Qc2 Ne5 22. Nf4 Bh6 23. Nh3 Nxf3+ 24. gxf3 Qxf3 25. Bxh6 Qg4+ 26. Kh1 Qxh3 27.
Be3 Qf3+ 28. Kg1 Rxe4 29. Rfd1 Rg4+ 30. Kf1 Re8 31. Ke1 Rxe3+ 0-1

[Event "AUTO-ELITE-2305"]
[Site "http://www.queenalice.com/game.php?id=1641297"]
[Date "2021.1.24"]
[Round "1"]
[White "Donidon"]
[Black "animis"]
[Result "1-0"]
[WhiteElo "2385"]
[BlackElo "2250"]

1. e4 c5 2. Nf3 Nc6 3. d4 cxd4 4. Nxd4 d6 5. c4 Nf6 6. Nc3 e6 7. Be2 Be7 8. O-O
O-O 9. Be3 Bd7 10. Rc1 Nxd4 11. Bxd4 Bc6 12. Qc2 a6 13. b4 Rc8 14. Qd3 b5 15.
cxb5 axb5 16. Bxf6 Bxf6 17. Nxb5 Bxb5 18. Qxb5 Rb8 19. Qa4 Bd4 20. Rc4 e5 21.
Qc2 d5 22. exd5 Qxd5 23. a4 Qe6 24. a5 Rfc8 25. b5 Rc5 26. Rxc5 1-0

[Event "AUTO-ELITE-2305"]
[Site "http://www.queenalice.com/game.php?id=1641298"]
[Date "2021.1.24"]
[Round "1"]
[White "animis"]
[Black "popcorn"]
[Result "1/2-1/2"]
[WhiteElo "2239"]
[BlackElo "2221"]

1. d4 Nf6 2. c4 g6 3. Nf3 d5 4. Nc3 Bg7 5. e3 O-O 6. Be2 c5 7. cxd5 Nxd5 8. Bc4
Nb6 9. Be2 cxd4 10. exd4 Nc6 11. Be3 Be6 12. Qd2 Nc4 13. Qc1 Nxd4 14. Nxd4 Bxd4
15. Bh6 Bg7 16. O-O Rc8 17. Rd1 Qb6 18. Bxc4 Rxc4 19. Bxg7 Kxg7 20. Qd2 Rfc8 21.
Rac1 Bg4 22. Re1 Be6 23. Re3 Rd8 24. Qe2 Rcd4 25. h3 Rd2 26. Qf3 Rxb2 27. Na4
Qb5 28. Nxb2 Qxb2 29. Rec3 Qxa2 30. Qxb7 Rd2 31. Qf3 Qb2 32. Qe3 a5 33. h4 a4
34. Re1 Rxf2 35. Qe5+ Rf6 36. Qe3 Rf2 37. Qd4+ Rf6 38. Qe3 Rf2 1/2-1/2

[Event "AUTO-ELITE-2305"]
[Site "http://www.queenalice.com/game.php?id=1641299"]
[Date "2021.1.24"]
[Round "1"]
[White "popcorn"]
[Black "animis"]
[Result "1-0"]
[WhiteElo "2207"]
[BlackElo "2268"]

1. d4 Nf6 2. c4 e5 3. dxe5 Ne4 4. Nf3 b6 5. Nbd2 Bb4 6. a3 Bxd2+ 7. Nxd2 Nc5 8.
b4 Ne6 9. Nf3 Bb7 10. e3 O-O 11. Bb2 Nc6 12. Be2 Ne7 13. O-O Ng6 14. Qc2 c5 15.
Rfd1 Qc7 16. Qd3 Rad8 17. Qd6 Qc8 18. b5 Bxf3 19. Bxf3 Ng5 20. Be2 Rfe8 21. f4
Ne4 22. Qd5 Qa8 23. Qxa8 Rxa8 24. Rxd7 Red8 25. Rad1 Rxd7 26. Rxd7 Nf8 27. Rd1
f5 28. exf6 Nxf6 29. Bxf6 gxf6 30. Bf3 Re8 31. Kf2 Re7 32. Rd8 Kg7 33. g4 h6 34.
Bc6 Ne6 35. Rd7 Rxd7 36. Bxd7 Nd8 37. Kf3 Nb7 38. Ke4 Kf7 39. Kd5 Na5 40. h4 Ke7
41. Bf5 1-0

[Event "animis "]
[Site "http://www.queenalice.com/game.php?id=1641364"]
[Date "2021.1.25"]
[Round "-"]
[White "Youngkasparov"]
[Black "animis"]
[Result "1-0"]
[WhiteElo "2295"]
[BlackElo "2224"]

1. e4 c5 2. Nf3 Nc6 3. d4 cxd4 4. Nxd4 d6 5. c4 Nf6 6. Nc3 e6 7. Be3 Be7 8. Bd3
a6 9. Nxc6 bxc6 10. O-O e5 11. h3 O-O 12. Qf3 Re8 13. Be2 Be6 14. Qg3 Bf8 15. f4
Rb8 16. b3 Qa5 17. Rac1 d5 18. exd5 cxd5 19. f5 Bd7 20. cxd5 Rec8 21. Bg5 Nxd5
22. Nxd5 Qxd5 23. Bc4 Qa5 24. Be3 Be8 25. f6 g6 26. Rf2 Rc6 27. Qh4 Rbc8 28. Kh1
R6c7 29. Bh6 Ba3 30. Rd1 Bc6 31. Rfd2 Re8 32. Rd8 Rc8 33. R8d7 Bxd7 34. Rxd7
Rxc4 35. Qxc4 Be7 36. Rxe7 1-0

[Event "AUTO-OPEN-4252"]
[Site "http://www.queenalice.com/game.php?id=1641449"]
[Date "2021.1.25"]
[Round "1"]
[White "breizatao"]
[Black "animis"]
[Result "1-0"]
[WhiteElo "2537"]
[BlackElo "2254"]

1. b4 e5 2. a3 d5 3. Bb2 Bd6 4. c4 c6 5. Nf3 d4 6. e3 Bg4 7. Be2 Bxf3 8. Bxf3
Bc7 9. exd4 exd4 10. d3 Ne7 11. O-O O-O 12. Nd2 Ng6 13. Nb3 Be5 14. g3 Qb6 15.
Qc2 Rd8 16. Rae1 Bf6 17. c5 Qc7 18. Re4 Nd7 19. Rfe1 Nde5 20. Bg2 Re8 21. f4 Ng4
22. Rxe8+ Rxe8 23. Rxe8+ Nf8 24. Bh3 Ne3 25. Qe2 g6 26. Nxd4 Nd5 27. Ne6 fxe6
28. Bxe6+ 1-0

[Event "AUTO-OPEN-4252"]
[Site "http://www.queenalice.com/game.php?id=1641450"]
[Date "2021.1.25"]
[Round "1"]
[White "animis"]
[Black "breizatao"]
[Result "0-1"]
[WhiteElo "2242"]
[BlackElo "2539"]

1. e4 e5 2. Nc3 Nf6 3. Be2 d5 4. exd5 Nxd5 5. Nf3 Nxc3 6. bxc3 Bd6 7. d3 O-O 8.
O-O Bf5 9. Bg5 Qc8 10. Rb1 Nd7 11. Re1 h6 12. Bh4 Re8 13. Nd2 c6 14. Bf3 Qc7 15.
Bg3 Be6 16. Ne4 Bf8 17. d4 f5 18. Nd2 f4 19. Bh4 g5 20. Bh5 Re7 21. Nf3 gxh4 22.
Nxh4 Rd8 23. Ng6 Rg7 24. Nxf4 Bf5 25. Nd3 e4 26. Nb2 b5 27. Qd2 Nf6 28. Be2 Bd6
29. g3 Bf4 30. Qd1 Nd5 31. c4 Nc3 0-1

[Event "AUTO-OPEN-4252"]
[Site "http://www.queenalice.com/game.php?id=1641469"]
[Date "2021.1.25"]
[Round "1"]
[White "MackMendes"]
[Black "animis"]
[Result "1-0"]
[WhiteElo "2290"]
[BlackElo "2214"]

1. d4 Nf6 2. c4 e5 3. d5 d6 4. Nc3 Bd7 5. e4 Na6 6. Nf3 Nc5 7. Bg5 Be7 8. Qc2 c6
9. b4 Na6 10. a3 Nc7 11. c5 cxd5 12. cxd6 Bxd6 13. Nxd5 Ncxd5 14. exd5 Rc8 15.
Qb2 Qc7 16. Rc1 Qb8 17. Bxf6 gxf6 18. Rc4 b6 19. Be2 Ke7 20. Rxc8 Qxc8 21. O-O
Rg8 22. Re1 Qb7 23. Qd2 Bf5 24. Nd4 Bd7 25. Nb5 Bb8 26. f3 a6 27. d6+ Ke8 28.
Nc7+ Bxc7 29. dxc7 Qxc7 30. Bxa6 b5 31. Qe3 Bc6 32. Rc1 Qd7 33. Qb6 Bxf3 34.
Bxb5 Rxg2+ 35. Kf1 1-0

[Event "AUTO-OPEN-4252"]
[Site "http://www.queenalice.com/game.php?id=1641470"]
[Date "2021.1.25"]
[Round "1"]
[White "animis"]
[Black "MackMendes"]
[Result "0-1"]
[WhiteElo "2204"]
[BlackElo "2300"]

1. e4 c5 2. Nf3 Nc6 3. d4 cxd4 4. Nxd4 e5 5. Nb3 Be7 6. Nc3 Nf6 7. Bd3 d5 8.
exd5 Nxd5 9. O-O Nxc3 10. bxc3 O-O 11. Be3 b6 12. Qf3 Qc7 13. Rad1 Bb7 14. Be4
Rab8 15. Rd2 f5 16. Bd5+ Kh8 17. Rdd1 e4 18. Qh3 Rf6 19. Rd2 f4 20. Bd4 Nxd4 21.
Rxd4 Rh6 22. Qg4 e3 23. Rc4 Bc5 24. Bxb7 f3 25. g3 e2 26. Re1 Qxb7 27. Nxc5 bxc5
28. Rxc5 Rd6 0-1

[Event "AUTO-OPEN-4252"]
[Site "http://www.queenalice.com/game.php?id=1641481"]
[Date "2021.1.25"]
[Round "1"]
[White "animis"]
[Black "Pin"]
[Result "1-0"]
[WhiteElo "2214"]
[BlackElo "1979"]

1. e4 c5 2. Nf3 d6 3. d4 cxd4 4. Nxd4 Nf6 5. Nc3 a6 6. Be2 e5 7. Nb3 Be7 8. O-O
O-O 9. Be3 Be6 10. f3 Nbd7 11. Qe1 Rc8 12. Rd1 Qc7 13. Bd3 b5 14. Kh1 Rfd8 15.
Qf2 Rb8 16. Ne2 Nf8 17. Ng3 Ng6 18. Nf5 d5 19. Nxe7+ Nxe7 20. Nc5 Bc8 21. b4 d4
22. Bg5 Qd6 23. f4 Nc6 24. fxe5 Nxe5 25. Qh4 Rb6 26. Rf4 Ng6 27. Bxf6 Nxh4 28.
e5 Qd5 29. Be4 Rxf6 30. exf6 Qg5 31. Rdf1 g6 32. R4f2 Nf5 33. Bxf5 Bxf5 34. Nxa6
Qxf6 35. Nc5 Qc6 36. Kg1 1-0

[Event "AUTO-OPEN-4252"]
[Site "http://www.queenalice.com/game.php?id=1641482"]
[Date "2021.1.25"]
[Round "1"]
[White "Pin"]
[Black "animis"]
[Result "1/2-1/2"]
[WhiteElo "2057"]
[BlackElo "2219"]

1. e4 e5 2. Nf3 Nc6 3. Bb5 a6 4. Ba4 Nf6 5. d3 b5 6. Bb3 Be7 7. c3 O-O 8. O-O
Bb7 9. h3 d5 10. Qe2 Qd6 11. Nbd2 Rad8 12. Re1 d4 13. cxd4 Nxd4 14. Nxd4 Qxd4
15. Bc2 c5 16. Nf3 Qd6 17. Be3 Qc6 18. Rad1 Nd7 19. Rc1 Bf6 20. Bb3 Be7 21. Bd5
Qc7 22. Bxb7 Qxb7 23. Rc2 Rc8 24. Rec1 c4 25. dxc4 b4 26. Bg5 Bxg5 27. Nxg5 Rc5
28. b3 Nf6 29. Rd2 h6 30. Nf3 Nxe4 31. Rdd1 Nc3 32. Rxc3 bxc3 33. Rc1 a5 34.
Rxc3 Rd8 35. Nxe5 Re8 36. Re3 f6 37. Nd3 Rxe3 38. Qxe3 Rg5 39. Nf4 Re5 40. Qd2
Qc7 41. Nd5 Qf7 42. Qxa5 Qe6 43. Qa8+ Kh7 44. Ne3 Rxe3 45. fxe3 Qxe3+ 46. Kh1
Qe1+ 47. Kh2 Qe5+ 48. g3 f5 49. Qg2 g5 50. Qc2 h5 51. c5 h4 52. Qf2 hxg3+ 53.
Qxg3 f4 54. Qd3+ Kg8 55. Qg6+ Kh8 56. Qh6+ Kg8 57. Qg6+ Kh8 58. Qh6+ Kg8 59.
Qg6+ 1/2-1/2

[Event "AUTO-MASTER-3023"]
[Site "http://www.queenalice.com/game.php?id=1641589"]
[Date "2021.1.27"]
[Round "1"]
[White "Artking"]
[Black "animis"]
[Result "0-1"]
[WhiteElo "2028"]
[BlackElo "2263"]

1. g4 e5 2. Bg2 d5 3. c4 d4 4. h3 Nf6 5. Qa4+ Bd7 6. Qb3 Nc6 7. d3 Na5 8. Qc2
Nc6 9. a3 Qc8 10. Bg5 Be7 11. Nd2 h6 12. Bh4 O-O 13. O-O-O a5 14. b3 Bxa3+ 15.
Kb1 Nb4 0-1

[Event "AUTO-MASTER-3023"]
[Site "http://www.queenalice.com/game.php?id=1641590"]
[Date "2021.1.27"]
[Round "1"]
[White "animis"]
[Black "Artking"]
[Result "1/2-1/2"]
[WhiteElo "2233"]
[BlackElo "1940"]

1. e4 d5 2. exd5 Qxd5 3. Nc3 Qa5 4. Nf3 Nf6 5. d4 c6 6. Bd2 Qc7 7. Bd3 Bg4 8.
O-O e6 9. Re1 Bd6 10. h3 Bh5 11. Bg5 Nbd7 12. Bc4 O-O 13. Bd3 Rfe8 14. Be2 Bg6
15. Bf1 a6 16. Qd2 Rad8 17. Rad1 h6 18. Be3 c5 19. Nh4 Bh7 20. Be2 cxd4 21. Bxd4
e5 22. Be3 Bc5 23. Qc1 b5 24. Bxh6 gxh6 25. Qxh6 Re6 26. Qg5+ Kh8 27. Bg4 Nxg4
28. hxg4 Rg8 29. Qd2 Nf6 30. Nd5 Nxd5 31. Qxd5 Rxg4 32. Nf3 Reg6 33. Nxe5 Rxg2+
34. Qxg2 Rxg2+ 35. Kxg2 Qb7+ 36. f3 Bxc2 37. Rd8+ Kg7 38. Rd7 Qa8 39. Rxf7+ Kg8
40. Rf4 Qd8 41. Rg4+ Kf8 42. Rf4+ Kg8 43. Rg4+ Kf8 44. Rf4+ Kg8 45. Rg4+ 1/2-1/2

[Event "AUTO-MASTER-3023"]
[Site "http://www.queenalice.com/game.php?id=1641603"]
[Date "2021.1.27"]
[Round "1"]
[White "glennedy"]
[Black "animis"]
[Result "0-1"]
[WhiteElo "1761"]
[BlackElo "2232"]

1. d4 Nf6 2. c4 e5 3. dxe5 Ne4 4. e3 Nc6 5. Nd2 Bb4 6. Nf3 d5 7. a3 Bxd2+ 8.
Bxd2 Bg4 9. Be2 O-O 10. Nd4 Bxe2 11. Nxc6 Bxd1 12. Nxd8 Ba4 13. Nxb7 Nxd2 14.
Kxd2 dxc4 15. Nc5 Bc6 0-1

[Event "AUTO-MASTER-3023"]
[Site "http://www.queenalice.com/game.php?id=1641604"]
[Date "2021.1.27"]
[Round "1"]
[White "animis"]
[Black "glennedy"]
[Result "1-0"]
[WhiteElo "2231"]
[BlackElo "1763"]

1. e4 c5 2. Nc3 d6 3. Nf3 Bg4 4. Be2 Nf6 5. d4 Bxf3 6. Bxf3 cxd4 7. Ne2 e5 8.
Ng3 Be7 9. O-O O-O 10. Bd2 Nc6 11. Re1 d5 12. exd5 Nxd5 13. Be4 Bf6 14. Nf5 Nde7
15. Ng3 Bh4 16. Bxh7+ Kxh7 17. Qh5+ Kg8 18. Qxh4 1-0

[Event "AUTO-MASTER-3023"]
[Site "http://www.queenalice.com/game.php?id=1641611"]
[Date "2021.1.27"]
[Round "1"]
[White "Lamorteoscura77"]
[Black "animis"]
[Result "1-0"]
[WhiteElo "2273"]
[BlackElo "2186"]

1. d4 Nf6 2. c4 e5 3. d5 Na6 4. Nc3 Bc5 5. e4 d6 6. Nf3 Bd7 7. Bd3 O-O 8. O-O
Nb4 9. a3 Na6 10. b4 Bd4 11. Nxd4 exd4 12. Ne2 c5 13. bxc5 dxc5 14. Bg5 Re8 15.
f4 h6 16. Bxf6 Qxf6 17. e5 Qh4 18. Rf3 Bg4 19. Rf2 Nc7 20. h3 Bd7 21. Qb1 Rab8
22. a4 Na6 23. Bf5 Bxf5 24. Qxf5 Nb4 25. g3 Qd8 26. Kh2 g6 27. Qe4 d3 28. Nc1
Nc2 29. Ra2 Nb4 30. Ra3 b6 31. Nxd3 a5 32. h4 f5 33. Qf3 h5 34. e6 Qd6 35. Ne5
Kg7 36. Qc3 Kh7 37. Nf3 Kh6 38. Ng5 Qe7 39. Rd2 Qg7 40. Qxg7+ Kxg7 41. d6 Nc6
42. e7 Nd4 43. Re3 Rb7 44. Ne6+ Nxe6 45. Rxe6 Rd7 46. Kg2 Kf7 47. Re3 Kf6 48.
Kf3 Kf7 49. Rd5 Kf6 50. Rb3 1-0

[Event "AUTO-MASTER-3023"]
[Site "http://www.queenalice.com/game.php?id=1641612"]
[Date "2021.1.27"]
[Round "1"]
[White "animis"]
[Black "Lamorteoscura77"]
[Result "1/2-1/2"]
[WhiteElo "2183"]
[BlackElo "2279"]

1. e4 c6 2. d4 d5 3. Nc3 dxe4 4. Nxe4 Bf5 5. Ng3 Bg6 6. Nf3 Nd7 7. Bc4 e6 8. O-O
Ngf6 9. Re1 Be7 10. Bf4 O-O 11. Bb3 Nd5 12. Bd2 Bd6 13. Ne4 Be7 14. Ng3 Bd6 15.
Rc1 Re8 16. a3 Qc7 17. Nh4 Rad8 18. Nxg6 hxg6 19. Qg4 N7f6 20. Qf3 Bf4 21. Be3
Nxe3 22. fxe3 Bxg3 23. hxg3 e5 24. dxe5 Qxe5 25. c3 Rd2 26. Rc2 Red8 27. Rec1
Qe4 28. Rxd2 Rxd2 29. Rd1 Rxd1+ 30. Bxd1 g5 31. Qf2 Qb1 32. Qc2 Qxc2 33. Bxc2
Kf8 34. Kf2 Ke7 35. e4 Nd7 36. Ke3 Ne5 37. b3 Kd6 38. a4 a5 39. Bd1 b5 40. axb5
cxb5 41. Be2 Kc5 42. Bd1 Nd7 43. Bc2 Ne5 44. Bd1 Nd7 45. Bc2 Ne5 46. Bd1 Nd7
1/2-1/2

[Event "Challenge"]
[Site "http://www.queenalice.com/game.php?id=1689529"]
[Date "2021.4.25"]
[Round "-"]
[White "Jerzy"]
[Black "animis"]
[Result "1-0"]
[WhiteElo "2183"]
[BlackElo "2195"]

1. d4 e5 2. dxe5 d6 3. Nf3 Nc6 4. Bf4 Be7 5. h3 f6 6. exd6 Bxd6 7. Bxd6 Qxd6 8.
Qxd6 cxd6 9. Nc3 Nge7 10. Rd1 d5 11. a3 Bf5 12. Rd2 O-O-O 13. e3 Rhe8 14. Be2
Bg6 15. O-O Bf7 16. Rfd1 a6 17. b3 Kc7 18. Nd4 Rd6 19. e4 Nxd4 20. Rxd4 Red8 21.
exd5 Nxd5 22. Ne4 R6d7 23. Bg4 Re7 24. c4 Rxe4 25. Rxe4 Nc3 26. Re7+ 1-0

[Event "Challenge"]
[Site "http://www.queenalice.com/game.php?id=1758318"]
[Date "2021.5.2"]
[Round "-"]
[White "animis"]
[Black "Jerzy"]
[Result "1/2-1/2"]
[WhiteElo "2183"]
[BlackElo "2195"]

1. e4 c5 2. Nf3 d6 3. d4 cxd4 4. Nxd4 Nf6 5. Nc3 a6 6. Bg5 e6 7. Be2 e5 8. Nf3
Be7 9. Qd2 h6 10. Bxf6 Bxf6 11. O-O-O Be7 12. Nd5 Be6 13. Nxe7 Kxe7 14. Qb4 Nc6
15. Qa3 Qc7 16. Kb1 Rhd8 17. Rd2 Qa5 18. Qxa5 Nxa5 19. Rhd1 Nc4 20. Bxc4 Bxc4
21. b3 Be6 22. h3 b5 23. Ne1 Rd7 24. Nd3 a5 25. f4 exf4 1/2-1/2